MARC

LEADER 00000nas a2200000 4500
001 ssj0000245
003 WaSeSS
005 20200512172242.0
006 m d
007 cr n
008 751101c19599999dcuqr p s 0 a0eng c
010 |a sn 84000746   |z  24011710  
016 7 |a 011122936  |2 Uk 
022 |l 0024-1822  |y 0024-1822 
032 |a 311540  |b USPS 
035 |a (WaSeSS)ssj0000245 
037 |b AAC, Publications Desk, 1818 R St., N.W., Washington, D.C. 20009 
040 |a MUL  |b eng  |c MUL  |d YUS  |d NSD  |d COO  |d NSD  |d AIP  |d NSD  |d AIP  |d NSD  |d AIP  |d NSD  |d NST  |d OCL  |d IUL  |d OCL  |d SYS  |d OCLCQ  |d UKMGB  |d CWS  |d ZCU  |d OCLCF  |d IIB  |d XFH  |d OCLCQ  |d OCLCO  |d NJR  |d U3G  |d HUL  |d WaSeSS 
042 |a nsdp  |a pcc 
043 |a n-us--- 
050 1 4 |a L13  |b .A6 
210 0 |a Lib. educ.  |b (Wash. D.C.) 
222 0 |a Liberal education  |b (Washington, D.C.) 
245 0 0 |a Liberal education  |h [electronic resource]. 
260 |a Washington  |b Association of American Colleges. 
310 |a Quarterly,  |b <1993-> 
321 |a Quarterly,  |b Mar. 1959- 
321 |a Bimonthly (except July/Aug.),  |b <Mar./Apr. 1987-> 
362 0 |a v. 45- Mar. 1959- 
500 |a Includes the Association's proceedings. 
506 |a License restrictions may limit access. 
610 2 0 |a Association of American Colleges  |v Periodicals. 
610 2 7 |a Association of American Colleges.  |2 fast  |0 (OCoLC)fst00542270 
650 0 |a Education  |z United States  |v Periodicals. 
650 7 |a Education.  |2 fast  |0 (OCoLC)fst00902499 
651 7 |a United States.  |2 fast  |0 (OCoLC)fst01204155 
655 0 |a Electronic journals. 
710 2 |a Association of American Colleges. 
780 0 0 |t Association of American Colleges bulletin (Lancaster, Pa. : 1940)  |x 0730-899X  |w (OCoLC)1514550 
850 |a CaMWUC  |a InU  |a MnU  |a MoSU  |a NN  |a NcD  |a NcRS  |a ViBlbV 
853 3 3 |8 1  |a v.  |b no.  |i (year)  |j (season) 
856 4 0 |z Full text available from Research Library: 01/01/1998 to 1 year ago  |u https://search.proquest.com/publication/41170 
863 4 0 |8 1  |a <45>-  |i <1959>-  |x provisional